000 00643nam a2200217 4500
999 _c171835
_d171835
005 20200121162302.0
010 _aENG-127492
020 _c480.00
_a9788194143727
035 _aEN-111024
037 _bDBAD/PUB
082 _a306
100 _aBasu,Saumitra
245 _aConsequence of Ageing in a Tribal Society and its cultural age construct/
_cby Saumitra Basu
260 _aKolkata
_bThe Asiatic Society
_c2019
270 _a1 Park Street
_bKolkata
_e700016
300 _axvi;243p.
_c22cm(hb)
700 _aDevy,Ganesh
700 _aMehta,Naushil
700 _aSrinivasan,Bina
942 _2ddc
_cEN
_h133.334
_mSHA